000 00270cam a22001097a 4500
008 180718b xxu||||| |||| 00| 0 eng d
082 _aY26x42 P759
245 _aA fuel policy for Britain
260 _aLondon
_bPEP
_c
300 _a235p.
650 _aFuel trade --Great Britain
999 _c501638
_d501638